Statistics for Provinces and Territories of Canada by Flag Maps

Click here to take the quiz!

General Stats

  • This quiz has been taken 23 times
  • The average score is 11 of 13

Answer Stats

Answer% Correct
Nova Scotia
90%
Yukon
90%
Alberta
90%
Nunavut
90%
Quebec
90%
British Columbia
85%
Saskatchewan
85%
Prince Edward Island
85%
Manitoba
85%
Newfoundland and Labrador
80%
Northwest Territories
80%
New Brunswick
80%
Ontario
80%

Score Distribution

Percentile by Number Answered

Percent of People with Each Score

Your Score History

You have not taken this quiz